<?xml version="1.0" encoding="UTF-8"?>
<record
    xmlns:xsi="http://www.w3.org/2001/XMLSchema-instance"
    xsi:schemaLocation="http://www.loc.gov/MARC21/slim http://www.loc.gov/standards/marcxml/schema/MARC21slim.xsd"
    xmlns="http://www.loc.gov/MARC21/slim">

  <leader>00212nam a2200085   4500</leader>
  <controlfield tag="001">1258657</controlfield>
  <controlfield tag="005">20260313140505.0</controlfield>
  <datafield tag="245" ind1=" " ind2=" ">
    <subfield code="a">B&#x130;L&#x130;M KIZ ZEK&#x130;YE BA&#x15E;IMIZA &#x130;CAT &#xC7;IKARMA</subfield>
    <subfield code="c">HARUN &#xC7;OLAK</subfield>
  </datafield>
  <datafield tag="260" ind1=" " ind2=" ">
    <subfield code="b">ATLI KARINCA</subfield>
  </datafield>
  <datafield tag="999" ind1=" " ind2=" ">
    <subfield code="c">1258657</subfield>
    <subfield code="d">1258657</subfield>
  </datafield>
  <datafield tag="952" ind1=" " ind2=" ">
    <subfield code="0">0</subfield>
    <subfield code="1">0</subfield>
    <subfield code="2">ddc</subfield>
    <subfield code="4">0</subfield>
    <subfield code="7">0</subfield>
    <subfield code="a">1008</subfield>
    <subfield code="b">1008</subfield>
    <subfield code="d">2026-03-13</subfield>
    <subfield code="l">0</subfield>
    <subfield code="p">10087137</subfield>
    <subfield code="r">2026-03-13 14:05:28</subfield>
    <subfield code="w">2026-03-13</subfield>
    <subfield code="y">BK</subfield>
  </datafield>
</record>
